| 000 | 00937nas a2200313 4500 | ||
|---|---|---|---|
| 001 | BR0806358 | ||
| 003 | BR-BrBNA | ||
| 005 | 20231205112128.0 | ||
| 007 | ta | ||
| 008 | 230509b bl.|||p| |||| 00| 00por d | ||
| 040 |
_aBR-BrBNA _bpor _cBiblioteca Nacional de Agricultura |
||
| 041 | _a(Pt) | ||
| 072 | _aF01; H10 | ||
| 100 | 1 | _aSouza, J.F. de | |
| 100 | 1 | _aSouza, S.A. da S. | |
| 100 | 1 | _aMenezes, E. de L.A. | |
| 100 | 1 | _aFerrara, F.A.A. | |
| 100 | 1 | _aNascimento, S.A. | |
| 100 | 1 | _aRodrigues, W.C. | |
| 100 | 1 | _aCassino, P.C.R. | |
| 245 | 1 | _aDiversidade de moscas-das-frutas em pomares de citros no município de Araruama, R.J | |
| 650 | _aLARANJA DOCE | ||
| 650 | _aTANGERINA | ||
| 650 | _aMOSCA DAS FRUTAS | ||
| 650 | _aRIO DE JANEIRO | ||
| 773 | 0 |
_tCiência Rural (Brazil) _xISSN 0103-8478 _g(Mar-Apr 2008), v. 38(2) p. 518-521 _wBR0806358 |
|
| 909 |
_a202311 _bLúcia _c55 _dLúcia Elande |
||
| 942 |
_2AGRIS _n0 _cANA |
||
| 999 |
_c196242 _d196242 |
||